Les sports les plus regardés au monde en 2022 - Statistiques

Statistiques générales
  • Ce quiz a été pris 1 607 fois
  • Le résultat moyen est 6 sur 10
Statistiques - réponses
Classement Réponse % Correct
1er avec 4 milliards de fans Football
100%
3ème avec 2,3 milliards de fans Basketball
91%
5ème avec 1 milliards de fans Tennis
84%
9ème avec 450 millions de fans Rugby
82%
10ème avec 400 millions de fans Football américain
65%
8ème avec 500 millions de fans Baseball
60%
6ème avec 900 millions de fans Volleyball
48%
4ème avec 2 milliards de fans Hockey
45%
7ème avec 800 millions de fans Tennis de Table
22%
2ème avec 2,5 milliards de fans Criquet
17%
Aucun quiz correspondant
Distribution des résultats
% des personnes avec chaque résultat
Percentile par nombre de réponses
Votre historique - résultats
Vous n’avez pas pris ce quiz